Responses for Show #733 - Wednesday, November 11, 1987

1987 Tournament of Champions quarterfinal game 3.

Contestants

[<< previous game]

Jonathan Fellows, a legislative assistant originally from Bellevue, Washington

Keith Bell, a personnel specialist from Alexandria, Virginia

Eugene Finerman, a writer from Chicago, Illinois

[next game >>]

Jeopardy! Round responses

THE BIBLE
SCANDALS
GIRLS IN SONG
PALINDROMES
PARKS
RECREATION
    $100 8
the Torah (or the Pentateuch)

Keith
    $100 1
(Eugene: Well, I'll be lucky if I can get involved with SCANDALS for $100!)

Donna Rice

Jonathan
    $100 17
Venus

Eugene
    $100 19
(Jonathan: What is a boob?)

Kook

KeithJonathan
    $100 2
South Africa

Jonathan
    $100 10
surfing

Jonathan
    $200 9
Abraham

Jonathan
    $200 4
the Black Sox Scandal

Jonathan
    $200 18
(2 of) Bennie, Jeannie, Lucy & Nikita

Triple Stumper
    $200 24
again

Triple Stumper
    $200 3
(Jonathan: What is New Orleans?)

St. Louis

EugeneJonathan
    $200 11
judo

Eugene
    $300 12
20 pieces of silver

Jonathan
    $300 5
Robert Vesco

Jonathan
    $300 25
noon

Jonathan
    $300 14
battlefields

Eugene
    $300 13
(Jonathan: What is the elbow?)
(Eugene: What are the knees?)

the wrist

EugeneJonathan
Triple Stumper
    $400 15
the tabernacle

Eugene
    $400 6
Ulysses S. Grant

Jonathan
    $400 26
radar

Triple Stumper
    $400 20
California

Jonathan
    $400 22
(Jonathan: What is 3 to 1?)

2 to 1

Jonathan
Triple Stumper
    $500 16
(Eugene: Let's try (ever the wishful bachelor!) GIRLS IN SONG for $100.)

apocrypha

Eugene
    $500 7
New Orleans

Eugene
    $500 27
[The end-of-round signal sounds.]
(Alex: We have three GIRLS IN SONG clues left up there; Eugene's heart will be broken, I'm sure, since we didn't get to those!)

tenet

Triple Stumper
    $500 21
Bois de Bologne (or Bois de Vincenne)

Keith
    $500 23
archery

Jonathan

Scores at the first commercial break (after clue 12):

Eugene Keith Jonathan
$900 $100 $1,500

Scores at the end of the Jeopardy! Round:

Eugene Keith Jonathan
$1,900 $700 $1,900

Double Jeopardy! Round responses

18TH CENTURY AMERICA
CHEMISTRY
LITERATURE
HIGHER EDUCATION
THE SOVIET UNION
PROVERBS
    $200 1
the first US census

Eugene
    $200 16
magnesium

Keith
    $200 6
fox

Eugene
    $200 20
(Jonathan: What are student loans?)

scholarships

KeithJonathan
    $200 11
Russian

Jonathan
    $200 28
Muzak (or music or elevator music)

Keith
    $400 2
the Stamp Act

Keith
    $400 22
activated charcoal

Keith
    $400 7
Mexico

Eugene
    $400 21
Harvard and Yale

Jonathan
    $400 12
(Keith: What is Lake Kozmol?)
(Eugene: What is the Caspian Sea?)

Lake Baikal (the deepest)

EugeneKeithJonathan
    $400 29
(Keith: What is knock and it shall be opened unto you?)

Seek and ye shall find

EugeneKeith
    $600 3
the Constitutional Convention

Jonathan
    $600 23
(Jonathan: What is yellow?)
(Alex: Be a little bit more specific.)

greenish-yellow

Jonathan
    $600 8
Daphne DuMaurier

Eugene
    $600 27
US Coast Guard Academy

Jonathan
    $600 13
November

Jonathan
    $600 30
elbow grease

Keith
    $800 4
Georgia

Eugene
    $800 24
sunlight

Keith
    $800 9
Washington Irving

Eugene
    $800 26
a year abroad

Keith
    $2,500 14
Leon Trotsky

Jonathan
    $2,300 25
(Keith: Better go do it, $2300 please.)
...
(Keith: What is he that has many coals?)

irons in the fire

Keith
    $1000 5
the Bill of Rights

Eugene
    $1000 17
(Keith: Who is Newton?)

Robert Boyle

EugeneKeith
    $1000 10
(Eugene: Oh, they were friends!)
(Alex: Yes, they were!)

John Keats

Eugene
Triple Stumper
    $1000 18
Kilgore

Keith
    $1000 15
Andrei Gromyko

Jonathan
    $1000 19
(Jonathan: What is his target?)

his aim

Jonathan
Triple Stumper

Scores at the end of the Double Jeopardy! Round:

Eugene Keith Jonathan
$5,900 $1,200 $7,600

Final Jeopardy! Round responses

PRESIDENTS
(Alex: The two Harrisons, Harding, Hoover, and Rutherford B. Hayes.)
KeithWhat is the letter "J"?
$1,200
EugeneWhat is the letter "M"?
$2,000
JonathanWhat is the letter "J"?
$4,201
H

Final scores:

Eugene Keith Jonathan
$3,900 $0 $3,399
Automatic semifinalist 3rd place: $1,000 if eliminated 2nd place: $1,000 if eliminated

Game dynamics:

Coryat scores:

Eugene Keith Jonathan
$5,900 $3,500 $5,900
16 R,
3 W
12 R,
4 W
(including 1 DD)
20 R
(including 1 DD),
6 W

Combined Coryat: $15,300

[game clues] [game scores] [suggest correction]

Game tape date: 1987-10-26
The J! Archive is created by fans, for fans. Scraping, republication, monetization, and malicious use prohibited; this site may use cookies and collect identifying information. See terms. The Jeopardy! game show and all elements thereof, including but not limited to copyright and trademark thereto, are the property of Jeopardy Productions, Inc. and are protected under law. This website is not affiliated with, sponsored by, or operated by Jeopardy Productions, Inc. Join the discussion at JBoard.tv.